000
00226nam a22000857a 4500
008
170624b xxu||||| |||| 00| 0 eng d
100
_9
3655
_a
Vastrad. B. G
245
_a
Sports and Games Encyclipedia
260
_a
New Delhi
_b
Khel
_c
2001
999
_c
7058
_d
7058